|
|
|
|
| LEADER |
01129nab#a2200349#ar4500 |
| 001 |
000079975 |
| 003 |
SVKKK |
| 005 |
20060726134335.0 |
| 008 |
c2006 ne e eng |
| FMT |
|
|
|
| 015 |
|
|
|a SNBRB2006/07-ccccc
|
| 038 |
|
|
|a SVKKK
|
| 040 |
|
|
|a SVKKK
|b slo
|e AACR2
|
| 041 |
0 |
|
|a eng
|b eng
|
| 044 |
|
|
|a ne
|c NL
|
| 080 |
|
|
|a 004.032.26
|2 1997
|
| 080 |
|
|
|a 624.131.2
|2 1997
|
| 080 |
|
|
|a 631.413
|2 1997
|
| 100 |
1 |
|
|a Yilmaz, Işik
|4 aut
|
| 242 |
1 |
0 |
|a Nepriamy odhad percenta napúčania a nová klasifikácia pôd v závislosti od medze tekutosti a kapacity výmeny katiónov
|
| 245 |
1 |
0 |
|a Indirect estimation of the swelling percent and a new classification of soils depending on liquid limit and cation exchange capacity
|c Işik Yilmaz
|
| 300 |
|
|
|b Obr., tab.
|
| 504 |
|
|
|a Bibliogr. odkazy
|
| 504 |
|
|
|a Res. angl.
|
| 650 |
0 |
4 |
|a pôdy napúčavé
|x medza tekutosti
|x kapacita výmeny atiónov
|x modely štatistické
|
| 773 |
0 |
|
|t Engineering geology
|x 0013-7952
|g Roč. 85, č. 3-4 (jún 2006), s. 295-301
|
| 958 |
|
|
|a NB
|
| 992 |
|
|
|a RBX
|
| BAS |
|
|
|
| 852 |
|
|
|a SVKKK
|b BIB
|
| EXP |
|
|
|
| 998 |
|
|
|a GEO
|